01365 2200205 4500001002100000005001500021008004100036020002200077035001900099041000700118082001000125090001600135100002000151245005900171250002000230260003500250300004000285500077600325650005801101INLIS00000000003192320241224133317241224||||||||| | ||| |||| || |  a978-602-04-8346-7 0010-1224031923 aen0 a006.6 a006.6 MAN b0 aManullang, Rio,00aBelajar sendiri desain 3D rumah dengan Google Sketchup aCetakan I, 2018 aJakartabElex Media Komputindo ax, 202 halaman : ilustrasi ; 20 cm. aBuku ini memandu langkah demi langkah dalam membuat desain 3 dimensi rumah yang cantik mulai dari desain denah rumah, membuat dinding, mendesain bukaan pintu dan jendela, serta mendesain atap rumah. Setiap tahapan akan dijelaskan secara sederhana dan berurutan sehingga mudah dipahami dan dapat langsung diaplikasikan di rumah. Setelah proses membuat desain selesai, tahapan untuk menyempurnakan desain aadalah proses rendering menggunakan Vray for SketchUp. Tahapan ini sangat penting karena tahapan ini bertujuan untukmenjadikan tampilan desain rumah terlihat nyata. Buku ni dirasa semakin lengkap dengan dihadirkannya beberapa contoh desain rumah yang cantik sehingga bisa dijadikan sebagai referensi dan contoh bagi pembaca dalam membuat desain rumah yang diinginkan. 0aKomputer grafis -- Google Sketchup (Program komputer)